000 00593cam a22002291 4500
001 sa 68010833
003 DLC
005 20260227112556.0
008 890403s1967 xx 000 0 tamo
010 _asa 68010833
035 _a(OCoLC)23566198
040 _aDLC
_cMiU
_dDLC
042 _apremarc
043 _aa-ii---
050 0 0 _aDS485.M26
_bP4
100 1 _aPerumāḷ, Tē. Pa.,
_d1916-
245 1 0 _aTamil Nāṭu māvaṭṭa kurippukaḷ.
260 _c[1967]
300 _a384 p.
_billus., maps.
_c22 cm.
500 _aRomanized.
651 0 _aTamil Nadu (India)
_xGazetteers.
999 _c83581
_d83581